Dünya dənizləri (Xəritəli) - Statistics

General Stats
  • This quiz has been taken 13 times
  • The average score is 6 of 15
Answers on the Map
Answers color-coded by a green-red scale on the quiz's map according to % correct below.
 
Answer Stats
Dəniz % Correct
Qara dəniz
100%
Xəzər dənizi
75%
Aralıq dənizi
58%
Qırmızı dəniz
58%
Baltik dənizi
42%
Egey dənizi
42%
Şimal dənizi
42%
Yapon dənizi
42%
Karib dənizi
33%
Berinq dənizi
25%
Cənubi Çin dənizi
25%
Ərəbistan dənizi
25%
Şərqi Çin dənizi
17%
Tasman dənizi
17%
Adriatik dənizi
8%
No matching quizzes found
Score Distribution
Percent of People with Each Score
Percentile by Number Answered
Your Score History
You have not taken this quiz